[Event "Int SVK-ch Open 2020"]
[Site "Drienica"]
[Date "2020.08.08"]
[Round "2.18"]
[White "Ihnat Marek"]
[Black "Durica, Andrej"]
[Result "1-0"]
[WhiteElo "2046"]
[BlackElo "1911"]
[Annotator "RC"]
[PlyCount "93"]
[EventDate "2020.08.07"]
[EventType "swiss"]
[EventCountry "SVK"]
[SourceTitle "playchess.com"]
[Source "ChessBase"]
[SourceQuality "1"]
[TimeControl "40/5400+30:1800+30"]

1. e4 {[%emt 0:00:00]} e5 {[%emt 0:00:00]} 2. Nf3 {[%emt 0:00:00]} f5 {[%emt 0:00:00]} 3. Nxe5 {[%emt 0:00:14]} Qf6 {[%emt 0:00:00]} 4. d4 {[%emt 0:00:08]} d6 {[%emt 0:00:06]} 5. Nc4 {[%emt 0:00:07]} fxe4 {[%emt 0:00:16]} 6. Nc3 {[%emt 0:00:15]} Qg6 {[%emt 0:00:08]} 7. f3 {[%emt 0:00:10]} exf3 {[%emt 0:03:04]} 8. Qxf3 {[%emt 0:00:13]} Nf6 {[%emt 0:00:05]} 9. Bd3 {[%emt 0:03:06]} Qg4 {[%emt 0:00:06]} 10. O-O {[%emt 0:04:18]} Qxf3 {[%emt 0:01:04]} 11. Rxf3 {[%emt 0:00:10]} Nc6 {[%emt 0:00:33]} 12. Bg5 {[%emt 0:21:35]} Be7 {[%emt 0:03:29]} 13. Re1 {[%emt 0:19:05]} Kd8 {[%emt 0:02:29]} 14. Rfe3 {[%emt 0:05:27]} h6 {[%emt 0:08:30]} 15. Bh4 {[%emt 0:05:10]} g5 {[%emt 0:00:19]} 16. Bg3 {[%emt 0:00:28]} Ng4 {[%emt 0:00:44]} 17. R3e2 {[%emt 0:03:29]} Bf6 {[%emt 0:00:17]} 18. d5 {[%emt 0:12:37]} Bd4+ {[%emt 0:04:17]} 19. Kh1 {[%emt 0:00:13]} Nce5 {[%emt 0:00:47]} 20. Nxe5 {[%emt 0:03:04]} Nxe5 {[%emt 0:01:07]} 21. Bxe5 {[%emt 0:03:02]} Bxe5 {[%emt 0:00:22]} 22. Rf2 {[%emt 0:03:15]} c6 {[%emt 0:13:39]} 23. Be4 {[%emt 0:01:54]} Bd7 {[%emt 0:01:51]} 24. Nd1 {[%emt 0:01:05]} Ke7 {[%emt 0:01:13]} 25. c3 {[%emt 0:00:53]} Raf8 {[%emt 0:00:33]} 26. Ref1 {[%emt 0:00:26]} Rxf2 {[%emt 0:01:08]} 27. Rxf2 {[%emt 0:00:01]} Rf8 {[%emt 0:00:25]} 28. Rxf8 {[%emt 0:00:12]} Kxf8 {[%emt 0:00:08]} 29. Ne3 {[%emt 0:00:36]} Ke7 {[%emt 0:02:22]} 30. g3 {[%emt 0:02:11]} Kf6 {[%emt 0:02:56]} 31. Kg2 {[%emt 0:00:33]} g4 {[%emt 0:00:27]} 32. Kf2 {[%emt 0:01:28]} Kg5 {[%emt 0:03:20]} 33. Nc4 {[%emt 0:02:21]} cxd5 {[%emt 0:06:32]} 34. Nxe5 {[%emt 0:01:15]} dxe5 {[%emt 0:00:28]} 35. Bxd5 {[%emt 0:00:09]} Bc6 {[%emt 0:01:23]} 36. Bxc6 {[%emt 0:01:00]} bxc6 {[%emt 0:00:06]} 37. b4 {[%emt 0:02:11]} Kf5 {[%emt 0:03:32]} 38. Ke3 {[%emt 0:02:27]} Ke6 {[%emt 0:02:31]} 39. Ke4 {[%emt 0:00:36]} Kd6 {[%emt 0:02:19]} 40. c4 {[%emt 0:01:41]} Ke6 {[%emt 0:03:14]} 41. a4 {[%emt 0:09:20]} Kf6 {[%emt 0:13:51]} 42. b5 {[%emt 0:01:31]} cxb5 {[%emt 0:00:49]} 43. cxb5 {[%emt 0:00:27]} Ke6 {[%emt 0:00:27]} 44. a5 {[%emt 0:00:05]} Kd6 {[%emt 0:01:57]} 45. b6 {[%emt 0:00:26]} a6 {[%emt 0:00:15]} 46. Kf5 {[%emt 0:01:09]} h5 {[%emt 0:00:12]} 47. Ke4 {[%emt 0:00:28]} 1-0

[Event "Int SVK-ch Open 2020"]
[Site "Drienica"]
[Date "2020.08.08"]
[Round "2.18"]
[White "Elias, David"]
[Black "Kulich, Filip"]
[Result "1-0"]
[WhiteElo "1790"]
[BlackElo "1397"]
[Annotator "NA"]
[PlyCount "68"]
[EventDate "2020.08.07"]
[EventType "swiss"]
[EventCountry "SVK"]
[SourceTitle "playchess.com"]
[Source "ChessBase"]
[SourceQuality "1"]
[TimeControl "40/5400+30:1800+30"]

1. e4 {[%emt 0:00:00]} e5 2. Nf3 {[%emt 0:00:00]} Nf6 {[%emt 0:05:00]} 3. Nxe5 {[%emt 0:00:04]} d6 {[%emt 0:00:15]} 4. Nf3 {[%emt 0:00:09]} Nxe4 {[%emt 0:00:08]} 5. Nc3 {[%emt 0:00:13]} Nxc3 {[%emt 0:00:05]} 6. dxc3 {[%emt 0:00:10]} Bf5 {[%emt 0:00:33]} 7. Be3 {[%emt 0:01:17]} Nc6 {[%emt 0:02:49]} 8. Qd2 {[%emt 0:01:48]} Be7 {[%emt 0:01:40]} 9. O-O-O {[%emt 0:01:27]} O-O {[%emt 0:00:16]} 10. h4 {[%emt 0:01:10]} Be6 {[%emt 0:00:35]} 11. Kb1 {[%emt 0:01:02]} Na5 {[%emt 0:04:42]} 12. h5 {[%emt 0:00:37]} Bf6 {[%emt 0:03:16]} 13. Nd4 {[%emt 0:12:36]} Nc4 {[%emt 0:02:27]} 14. Bxc4 {[%emt 0:00:19]} Bxc4 {[%emt 0:00:05]} 15. g4 {[%emt 0:00:25]} h6 {[%emt 0:10:38]} 16. f4 {[%emt 0:05:05]} Bxd4 {[%emt 0:12:46]} 17. Qxd4 {[%emt 0:01:17]} Be2 {[%emt 0:08:04]} 18. Rdg1 {[%emt 0:05:38]} Qf6 {[%emt 0:01:43]} 19. Qd2 {[%emt 0:02:04]} Bf3 {[%emt 0:05:21]} 20. Rh3 {[%emt 0:00:11]} Be4 {[%emt 0:02:10]} 21. Bd4 {[%emt 0:00:10]} Qe6 {[%emt 0:00:56]} 22. f5 {[%emt 0:00:41]} Qd5 {[%emt 0:01:19]} 23. g5 {[%emt 0:10:24]} c5 {[%emt 0:03:24]} 24. gxh6 {[%emt 0:00:59]} cxd4 {[%emt 0:02:13]} 25. Qg5 {[%emt 0:02:10]} Qe5 {[%emt 0:01:07]} 26. cxd4 {[%emt 0:01:05]} Bxc2+ {[%emt 0:06:01]} 27. Ka1 {[%emt 0:04:46]} Qxd4 {[%emt 0:01:51]} 28. f6 {[%emt 0:08:14]} Bg6 {[%emt 0:00:21]} 29. hxg6 {[%emt 0:05:27]} Qxf6 {[%emt 0:00:51]} 30. h7+ {[%emt 0:00:17]} Kh8 {[%emt 0:00:08]} 31. Qxf6 {[%emt 0:00:06]} fxg6 {[%emt 0:00:32]} 32. Qxg6 {[%emt 0:00:19]} Rf1+ {[%emt 0:00:54]} 33. Rxf1 {[%emt 0:00:23]} Rc8 {[%emt 0:00:12]} 34. Qf7 {[%emt 0:00:25]} Rc1+ {[%emt 0:00:07]} 1-0

[Event "Int SVK-ch Open 2020"]
[Site "Drienica"]
[Date "2020.08.08"]
[Round "2.19"]
[White "Durica, Daniel"]
[Black "Brhel Jan"]
[Result "1-0"]
[WhiteElo "1935"]
[BlackElo "2042"]
[Annotator "ChessBase"]
[PlyCount "51"]
[EventDate "2020.08.07"]
[EventType "swiss"]
[EventCountry "SVK"]
[SourceTitle "playchess.com"]
[Source "ChessBase"]
[SourceQuality "1"]
[TimeControl "40/5400+30:1800+30"]

1. d4 {[%emt 0:04:53]} d5 {[%emt 0:00:00]} 2. e4 {[%emt 0:00:13]} dxe4 {[%emt 0:01:02]} 3. Nc3 {[%emt 0:00:02]} Nf6 {[%emt 0:00:15]} 4. f3 {[%emt 0:00:02]} exf3 {[%emt 0:01:17]} 5. Nxf3 {[%emt 0:00:02]} c6 {[%emt 0:02:52]} 6. Bd3 {[%emt 0:00:04]} Bg4 {[%emt 0:01:08]} 7. Be3 {[%emt 0:00:40]} e6 {[%emt 0:00:38]} 8. O-O {[%emt 0:00:14]} Bd6 {[%emt 0:05:38]} 9. Qe1 {[%emt 0:00:04]} Bxf3 {[%emt 0:00:35]} 10. Rxf3 {[%emt 0:00:28]} O-O {[%emt 0:01:57]} 11. Qh4 {[%emt 0:00:16]} Nbd7 {[%emt 0:07:36]} 12. Bg5 {[%emt 0:00:38]} h5 {[%emt 0:05:15]} 13. Ne4 {[%emt 0:11:13]} Be7 {[%emt 0:00:08]} 14. c4 {[%emt 0:09:51]} Re8 {[%emt 0:02:20]} 15. Raf1 {[%emt 0:07:49]} Nxe4 {[%emt 0:00:50]} 16. Qxe4 {[%emt 0:00:07]} Nf6 {[%emt 0:00:46]} 17. Rxf6 {[%emt 0:00:09]} Bxf6 {[%emt 0:00:58]} 18. Rxf6 {[%emt 0:00:01]} gxf6 {[%emt 0:00:40]} 19. Qh7+ {[%emt 0:00:02]} Kf8 {[%emt 0:00:29]} 20. Qh6+ {[%emt 0:00:30]} Ke7 {[%emt 0:00:49]} 21. Bxf6+ {[%emt 0:00:00]} Kd7 {[%emt 0:00:09]} 22. Bxd8 {[%emt 0:00:24]} Raxd8 {[%emt 0:00:07]} 23. Qxh5 {[%emt 0:00:53]} f5 {[%emt 0:02:29]} 24. d5 {[%emt 0:04:23]} cxd5 {[%emt 0:00:14]} 25. cxd5 {[%emt 0:00:07]} Ke7 {[%emt 0:02:09]} 26. Bb5 {[%emt 0:04:52]} 1-0

[Event "Int SVK-ch Open 2020"]
[Site "Drienica"]
[Date "2020.08.08"]
[Round "2.19"]
[White "Magda, Filip"]
[Black "Sevcik, Lubomir"]
[Result "0-1"]
[WhiteElo "1266"]
[BlackElo "1748"]
[Annotator "NA RC"]
[PlyCount "92"]
[EventDate "2020.08.07"]
[EventType "swiss"]
[EventCountry "SVK"]
[SourceTitle "playchess.com"]
[Source "ChessBase"]
[SourceQuality "1"]
[TimeControl "40/5400+30:1800+30"]

1. d4 {[%emt 0:01:00]} d5 {[%emt 0:00:00]} 2. e4 {[%emt 0:00:30]} dxe4 {[%emt 0:00:25]} 3. Nc3 {[%emt 0:00:40]} Nf6 {[%emt 0:05:19]} 4. f3 {[%emt 0:02:06]} Bf5 {[%emt 0:05:40]} 5. fxe4 {[%emt 0:05:26]} Bxe4 {[%emt 0:00:41]} 6. Nxe4 {[%emt 0:01:35]} Nxe4 {[%emt 0:00:15]} 7. Nf3 {[%emt 0:01:19]} e6 {[%emt 0:02:58]} 8. Bd3 {[%emt 0:02:14]} Bb4+ {[%emt 0:04:11]} 9. Ke2 {[%emt 0:15:00]} Nf6 {[%emt 0:03:19]} 10. c3 {[%emt 0:01:49]} Be7 {[%emt 0:00:53]} 11. Qb3 {[%emt 0:04:21]} b6 {[%emt 0:09:27]} 12. Qa4+ {[%emt 0:05:35]} c6 {[%emt 0:06:00]} 13. Re1 {[%emt 0:04:27]} b5 {[%emt 0:05:32]} 14. Qc2 {[%emt 0:01:00]} Qc7 {[%emt 0:01:48]} 15. Kf1 {[%emt 0:02:11]} Nbd7 {[%emt 0:03:05]} 16. Bd2 {[%emt 0:05:00]} Bd6 {[%emt 0:00:36]} 17. h3 {[%emt 0:01:15]} O-O {[%emt 0:05:42]} 18. c4 {[%emt 0:07:18]} bxc4 {[%emt 0:01:34]} 19. Bxc4 {[%emt 0:02:26]} a5 {[%emt 0:08:53]} 20. a4 {[%emt 0:03:58]} Nb6 {[%emt 0:01:43]} 21. Bd3 {[%emt 0:00:23]} Nbd5 {[%emt 0:00:23]} 22. Ng5 {[%emt 0:02:42]} h6 {[%emt 0:02:18]} 23. Ne4 {[%emt 0:03:15]} Bf4 {[%emt 0:06:18]} 24. Nxf6+ {[%emt 0:01:52]} Nxf6 {[%emt 0:01:05]} 25. Kg1 {[%emt 0:00:44]} Bxd2 {[%emt 0:02:26]} 26. Qxd2 {[%emt 0:00:53]} Qb6 {[%emt 0:00:32]} 27. Kh1 {[%emt 0:02:05]} Rfd8 {[%emt 0:00:38]} 28. Rf1 {[%emt 0:03:44]} Qxd4 {[%emt 0:01:20]} 29. Rfd1 {[%emt 0:01:16]} Ne4 {[%emt 0:03:06]} 30. Qc2 {[%emt 0:01:23]} Nf2+ {[%emt 0:00:47]} 31. Kh2 {[%emt 0:00:17]} Qe5+ {[%emt 0:01:12]} 32. Kg1 {[%emt 0:00:49]} Nxd1 {[%emt 0:00:30]} 33. Rxd1 {[%emt 0:00:58]} c5 {[%emt 0:02:09]} 34. b3 {[%emt 0:01:19]} Kh8 {[%emt 0:02:54]} 35. Rf1 {[%emt 0:00:54]} Qe3+ {[%emt 0:00:40]} 36. Kh1 {[%emt 0:00:54]} Qxd3 37. Qxd3 {[%emt 0:00:56]} Rxd3 {[%emt 0:01:54]} 38. Rxf7 Rxb3 39. Rc7 {[%emt 0:02:03]} Rc3 {[%emt 0:01:15]} 40. Re7 {[%emt 0:00:13]} Rc4 {[%emt 0:00:18]} 41. Rxe6 {[%emt 0:00:12]} Rxa4 {[%emt 0:00:13]} 42. Rc6 {[%emt 0:01:37]} Rc4 {[%emt 0:01:24]} 43. Re6 {[%emt 0:01:50]} Rc1+ {[%emt 0:00:30]} 44. Kh2 {[%emt 0:00:05]} c4 {[%emt 0:00:29]} 45. Re2 {[%emt 0:00:34]} a4 {[%emt 0:00:18]} 46. Ra2 {[%emt 0:00:25]} a3 {[%emt 0:00:06]} 0-1

[Event "Int SVK-ch Open 2020"]
[Site "Drienica"]
[Date "2020.08.08"]
[Round "2.20"]
[White "Belis, Rudolf"]
[Black "Panko, Radoslav"]
[Result "0-1"]
[WhiteElo "1922"]
[BlackElo "2031"]
[Annotator "ChessBase"]
[PlyCount "78"]
[EventDate "2020.08.07"]
[EventType "swiss"]
[EventCountry "SVK"]
[SourceTitle "playchess.com"]
[Source "ChessBase"]
[SourceQuality "1"]
[TimeControl "40/5400+30:1800+30"]

1. e4 {[%emt 0:00:30]} e6 {[%emt 0:00:49]} 2. d4 {[%emt 0:00:25]} d5 {[%emt 0:00:08]} 3. Nc3 {[%emt 0:00:02]} Bb4 {[%emt 0:00:15]} 4. e5 {[%emt 0:00:17]} Ne7 {[%emt 0:00:08]} 5. a3 {[%emt 0:00:23]} Bxc3+ {[%emt 0:00:09]} 6. bxc3 {[%emt 0:00:01]} c5 {[%emt 0:00:10]} 7. h4 {[%emt 0:00:20]} Qc7 {[%emt 0:01:13]} 8. h5 {[%emt 0:01:25]} h6 {[%emt 0:02:11]} 9. Rh4 {[%emt 0:01:02]} Nbc6 {[%emt 0:01:03]} 10. Nf3 {[%emt 0:02:57]} Bd7 {[%emt 0:00:51]} 11. a4 {[%emt 0:01:03]} Nf5 {[%emt 0:03:55]} 12. Rf4 {[%emt 0:01:02]} cxd4 {[%emt 0:01:03]} 13. cxd4 {[%emt 0:00:05]} Nb4 {[%emt 0:00:23]} 14. Bd3 {[%emt 0:11:54]} Qc3+ {[%emt 0:00:39]} 15. Bd2 {[%emt 0:00:48]} Nxd3+ {[%emt 0:00:11]} 16. cxd3 {[%emt 0:04:00]} Qxd3 {[%emt 0:00:25]} 17. Bb4 {[%emt 0:00:38]} Qxd1+ {[%emt 0:00:44]} 18. Kxd1 {[%emt 0:00:02]} Rc8 {[%emt 0:00:28]} 19. a5 {[%emt 0:01:11]} Bb5 {[%emt 0:01:48]} 20. Bc5 {[%emt 0:00:12]} a6 {[%emt 0:01:32]} 21. Kd2 {[%emt 0:01:39]} Ne7 {[%emt 0:00:39]} 22. Rh4 {[%emt 0:00:59]} Nc6 {[%emt 0:00:30]} 23. Rg4 {[%emt 0:01:57]} Rh7 {[%emt 0:00:54]} 24. Bb6 {[%emt 0:03:00]} Nb4 {[%emt 0:08:55]} 25. Bc5 {[%emt 0:00:38]} Nd3 {[%emt 0:00:21]} 26. Ke3 {[%emt 0:00:03]} Nxc5 {[%emt 0:04:17]} 27. Rc1 {[%emt 0:00:14]} Bc4 {[%emt 0:00:07]} 28. dxc5 {[%emt 0:00:15]} Rxc5 {[%emt 0:00:04]} 29. Nd2 {[%emt 0:00:20]} Rxa5 {[%emt 0:00:17]} 30. Nxc4 {[%emt 0:00:06]} dxc4 {[%emt 0:00:08]} 31. Rgxc4 {[%emt 0:00:13]} Rxe5+ {[%emt 0:00:15]} 32. Kf4 {[%emt 0:01:23]} Rxh5 {[%emt 0:00:22]} 33. Rc7 {[%emt 0:00:27]} Rb5 {[%emt 0:00:42]} 34. Rd1 {[%emt 0:00:20]} g5+ {[%emt 0:00:11]} 35. Kg3 {[%emt 0:00:24]} Kf8 {[%emt 0:01:13]} 36. Rdd7 {[%emt 0:00:43]} Kg8 {[%emt 0:00:49]} 37. Rxb7 {[%emt 0:00:31]} Rxb7 {[%emt 0:01:44]} 38. Rxb7 {[%emt 0:00:02]} f6 {[%emt 0:00:08]} 39. Rb6 {[%emt 0:00:04]} Ra7 {[%emt 0:00:07]} 0-1

[Event "Int SVK-ch Open 2020"]
[Site "Drienica"]
[Date "2020.08.08"]
[Round "2.20"]
[White "Socko, Weronika"]
[Black "Magda, Juraj"]
[Result "1/2-1/2"]
[WhiteElo "1741"]
[BlackElo "1261"]
[Annotator "NA"]
[PlyCount "68"]
[EventDate "2020.08.07"]
[EventType "swiss"]
[EventCountry "SVK"]
[SourceTitle "playchess.com"]
[Source "ChessBase"]
[SourceQuality "1"]
[TimeControl "40/5400+30:1800+30"]

1. d4 Nf6 2. c4 g6 3. Nc3 Bg7 4. Nf3 O-O 5. e4 d6 6. Be2 Bg4 7. O-O c5 8. Be3 cxd4 9. Nxd4 Bxe2 10. Qxe2 {[%emt 0:10:30]} Nc6 {[%emt 0:15:23]} 11. Rad1 {[%emt 0:01:52]} Qd7 {[%emt 0:04:08]} 12. h3 {[%emt 0:06:58]} Qc7 {[%emt 0:06:01]} 13. f4 {[%emt 0:03:36]} Nxd4 {[%emt 0:01:00]} 14. Bxd4 {[%emt 0:01:12]} Rfe8 {[%emt 0:10:22]} 15. Rf3 {[%emt 0:02:44]} e5 {[%emt 0:03:12]} 16. fxe5 {[%emt 0:10:05]} dxe5 {[%emt 0:00:28]} 17. Bf2 {[%emt 0:01:13]} a6 {[%emt 0:02:26]} 18. Bh4 {[%emt 0:02:52]} Qc5+ {[%emt 0:02:28]} 19. Kh2 {[%emt 0:02:07]} Re6 {[%emt 0:01:41]} 20. Bxf6 {[%emt 0:12:40]} Rxf6 {[%emt 0:00:34]} 21. Rd7 {[%emt 0:05:50]} Qc6 {[%emt 0:10:50]} 22. Rxf6 {[%emt 0:06:50]} Qxd7 {[%emt 0:01:34]} 23. Rf3 {[%emt 0:03:11]} Qd6 {[%emt 0:08:46]} 24. Qf2 {[%emt 0:01:52]} f5 {[%emt 0:04:29]} 25. c5 {[%emt 0:02:23]} Qd4 {[%emt 0:02:59]} 26. Qc2 {[%emt 0:05:40]} Qxc5 {[%emt 0:08:32]} 27. exf5 {[%emt 0:03:39]} Qc7 {[%emt 0:02:02]} 28. Qb3+ {[%emt 0:03:50]} Kh8 {[%emt 0:03:20]} 29. Nd5 {[%emt 0:05:12]} Qd6 {[%emt 0:03:50]} 30. f6 {[%emt 0:04:35]} e4+ {[%emt 0:01:01]} 31. Rg3 {[%emt 0:02:06]} Bxf6 {[%emt 0:00:16]} 32. Nxf6 {[%emt 0:01:17]} Qxf6 {[%emt 0:00:25]} 33. Qxb7 {[%emt 0:01:01]} Rf8 {[%emt 0:00:37]} 34. Qxe4 {[%emt 0:00:55]} Qxb2 {[%emt 0:00:38]} 1/2-1/2

[Event "Int SVK-ch Open 2020"]
[Site "Drienica"]
[Date "2020.08.08"]
[Round "2.21"]
[White "Varga, Lukas"]
[Black "Striskova Lucia"]
[Result "*"]
[WhiteElo "2000"]
[BlackElo "1706"]
[Annotator "ChessBase"]
[PlyCount "57"]
[EventDate "2020.08.07"]
[EventType "swiss"]
[EventCountry "SVK"]
[SourceTitle "playchess.com"]
[Source "ChessBase"]
[SourceQuality "1"]
[TimeControl "40/5400+30:1800+30"]

1. e4 {[%emt 0:00:00]} e5 {[%emt 0:00:00]} 2. Nf3 {[%emt 0:00:25]} Nc6 {[%emt 0:00:00]} 3. Bb5 {[%emt 0:00:08]} Nf6 {[%emt 0:00:10]} 4. O-O {[%emt 0:00:06]} Nxe4 {[%emt 0:00:39]} 5. d4 {[%emt 0:00:11]} Nd6 {[%emt 0:00:20]} 6. Bxc6 {[%emt 0:00:07]} dxc6 {[%emt 0:00:09]} 7. dxe5 {[%emt 0:00:06]} Nf5 {[%emt 0:00:09]} 8. Qxd8+ {[%emt 0:00:17]} Kxd8 {[%emt 0:00:11]} 9. h3 {[%emt 0:01:28]} Bc5 {[%emt 0:04:14]} 10. Nc3 {[%emt 0:03:31]} a6 {[%emt 0:03:28]} 11. Ne4 {[%emt 0:03:42]} Bb6 {[%emt 0:00:26]} 12. Re1 {[%emt 0:03:55]} h6 {[%emt 0:01:16]} 13. g4 {[%emt 0:00:25]} Ne7 {[%emt 0:00:12]} 14. Be3 {[%emt 0:00:08]} Nd5 {[%emt 0:02:17]} 15. Bxb6 {[%emt 0:00:40]} Nxb6 {[%emt 0:00:08]} 16. Kg2 {[%emt 0:03:54]} Ke7 {[%emt 0:00:49]} 17. Nc5 {[%emt 0:05:14]} Nd7 {[%emt 0:01:29]} 18. Ne4 {[%emt 0:01:18]} Re8 {[%emt 0:04:09]} 19. Nd4 {[%emt 0:03:23]} Kf8 {[%emt 0:11:51]} 20. f4 {[%emt 0:01:54]} c5 {[%emt 0:02:14]} 21. Nf5 {[%emt 0:05:31]} b6 {[%emt 0:00:13]} 22. Rad1 {[%emt 0:00:20]} Nb8 {[%emt 0:01:02]} 23. Kf2 {[%emt 0:02:24]} Nc6 {[%emt 0:00:42]} 24. Rd2 {[%emt 0:01:14]} Be6 {[%emt 0:00:27]} 25. Ne3 {[%emt 0:01:11]} Rad8 {[%emt 0:02:25]} 26. Red1 {[%emt 0:02:50]} Ke7 {[%emt 0:05:45]} 27. Rxd8 {[%emt 0:06:04]} Rxd8 {[%emt 0:04:29]} 28. Rxd8 {[%emt 0:05:33]} Kxd8 {[%emt 0:00:30]} 29. Kg3 {[%emt 0:00:30]} *

[Event "Int SVK-ch Open 2020"]
[Site "Drienica"]
[Date "2020.08.08"]
[Round "2.21"]
[White "Varga, Lukas"]
[Black "Striskova Lucia"]
[Result "1-0"]
[WhiteElo "2000"]
[BlackElo "1706"]
[Annotator "ChessBase"]
[PlyCount "97"]
[EventDate "2020.08.07"]
[EventType "swiss"]
[EventCountry "SVK"]
[SourceTitle "playchess.com"]
[Source "ChessBase"]
[SourceQuality "1"]
[TimeControl "40/5400+30:1800+30"]

1. e4 {[%emt 0:00:00]} e5 {[%emt 0:00:00]} 2. Nf3 {[%emt 0:00:25]} Nc6 {[%emt 0:00:00]} 3. Bb5 {[%emt 0:00:08]} Nf6 {[%emt 0:00:10]} 4. O-O {[%emt 0:00:06]} Nxe4 {[%emt 0:00:39]} 5. d4 {[%emt 0:00:11]} Nd6 {[%emt 0:00:20]} 6. Bxc6 {[%emt 0:00:07]} dxc6 {[%emt 0:00:09]} 7. dxe5 {[%emt 0:00:06]} Nf5 {[%emt 0:00:09]} 8. Qxd8+ {[%emt 0:00:17]} Kxd8 {[%emt 0:00:11]} 9. h3 {[%emt 0:01:28]} Bc5 {[%emt 0:04:14]} 10. Nc3 {[%emt 0:03:31]} a6 {[%emt 0:03:28]} 11. Ne4 {[%emt 0:03:42]} Bb6 {[%emt 0:00:26]} 12. Re1 {[%emt 0:03:55]} h6 {[%emt 0:01:16]} 13. g4 {[%emt 0:00:25]} Ne7 {[%emt 0:00:12]} 14. Be3 {[%emt 0:00:08]} Nd5 {[%emt 0:02:17]} 15. Bxb6 {[%emt 0:00:40]} Nxb6 {[%emt 0:00:08]} 16. Kg2 {[%emt 0:03:54]} Ke7 {[%emt 0:00:49]} 17. Nc5 {[%emt 0:05:14]} Nd7 {[%emt 0:01:29]} 18. Ne4 {[%emt 0:01:18]} Re8 {[%emt 0:04:09]} 19. Nd4 {[%emt 0:03:23]} Kf8 {[%emt 0:11:51]} 20. f4 {[%emt 0:01:54]} c5 {[%emt 0:02:14]} 21. Nf5 {[%emt 0:05:31]} b6 {[%emt 0:00:13]} 22. Rad1 {[%emt 0:00:20]} Nb8 {[%emt 0:01:02]} 23. Kf2 {[%emt 0:02:24]} Nc6 {[%emt 0:00:42]} 24. Rd2 {[%emt 0:01:14]} Be6 {[%emt 0:00:27]} 25. Ne3 {[%emt 0:01:11]} Rad8 {[%emt 0:02:25]} 26. Red1 {[%emt 0:02:50]} Ke7 {[%emt 0:05:45]} 27. Rxd8 {[%emt 0:06:04]} Rxd8 {[%emt 0:04:29]} 28. Rxd8 {[%emt 0:05:33]} Kxd8 {[%emt 0:00:30]} 29. Nc3 {[%emt 0:00:30]} Bc8 {[%emt 0:01:33]} 30. Kf3 {[%emt 0:07:58]} Bb7 {[%emt 0:00:30]} 31. Kg3 {[%emt 0:00:30]} Nd4 {[%emt 0:00:30]} 32. f5 {[%emt 0:00:30]} Kd7 {[%emt 0:00:30]} 33. Kf4 {[%emt 0:00:30]} b5 {[%emt 0:00:30]} 34. g5 {[%emt 0:00:30]} hxg5+ {[%emt 0:02:20]} 35. Kxg5 {[%emt 0:00:11]} Nf3+ {[%emt 0:00:21]} 36. Kf4 {[%emt 0:00:26]} Nd4 {[%emt 0:00:41]} 37. h4 {[%emt 0:00:31]} Bc6 {[%emt 0:02:53]} 38. h5 {[%emt 0:01:33]} b4 {[%emt 0:08:25]} 39. Ncd5 {[%emt 0:03:23]} Bxd5 {[%emt 0:03:51]} 40. Nxd5 {[%emt 0:01:06]} Kd8 {[%emt 0:01:06]} 41. c3 {[%emt 0:30:44]} bxc3 {[%emt 0:30:42]} 42. Nxc3 {[%emt 0:00:40]} Ke8 {[%emt 0:01:00]} 43. Nd5 {[%emt 0:00:55]} a5 {[%emt 0:00:27]} 44. Nxc7+ {[%emt 0:01:16]} Kf8 {[%emt 0:00:40]} 45. e6 {[%emt 0:01:15]} Ke7 {[%emt 0:02:35]} 46. Nd5+ {[%emt 0:01:26]} Ke8 {[%emt 0:00:19]} 47. Ke5 {[%emt 0:00:32]} f6+ {[%emt 0:02:08]} 48. Nxf6+ {[%emt 0:00:14]} gxf6+ {[%emt 0:00:22]} 49. Kxf6 {[%emt 0:00:08]} 1-0

[Event "Int SVK-ch Open 2020"]
[Site "Drienica"]
[Date "2020.08.08"]
[Round "2.21"]
[White "Kubikova, Nina"]
[Black "Bochnickova, Simona"]
[Result "1/2-1/2"]
[WhiteElo "1256"]
[BlackElo "1785"]
[Annotator "NA"]
[PlyCount "96"]
[EventDate "2020.08.07"]
[EventType "swiss"]
[EventCountry "SVK"]
[SourceTitle "playchess.com"]
[Source "ChessBase"]
[SourceQuality "1"]
[TimeControl "40/5400+30:1800+30"]

1. e4 {[%emt 0:00:00]} e5 {[%emt 0:00:00]} 2. Nf3 {[%emt 0:00:00]} Nf6 {[%emt 0:00:00]} 3. Nxe5 {[%emt 0:00:33]} d6 {[%emt 0:00:00]} 4. Nf3 {[%emt 0:00:06]} Nxe4 {[%emt 0:00:07]} 5. Qe2 {[%emt 0:00:08]} Qe7 {[%emt 0:00:16]} 6. Nc3 {[%emt 0:00:47]} Nxc3 {[%emt 0:01:16]} 7. dxc3 {[%emt 0:00:48]} Bg4 {[%emt 0:00:24]} 8. Qxe7+ {[%emt 0:01:05]} Bxe7 {[%emt 0:00:08]} 9. Be2 {[%emt 0:00:13]} Nd7 {[%emt 0:01:14]} 10. Be3 {[%emt 0:02:04]} O-O {[%emt 0:01:01]} 11. h3 {[%emt 0:02:08]} Bf5 {[%emt 0:00:45]} 12. Nd4 {[%emt 0:03:12]} Bg6 {[%emt 0:00:43]} 13. O-O-O {[%emt 0:01:37]} Rfe8 {[%emt 0:04:57]} 14. Nb5 {[%emt 0:01:43]} Rec8 {[%emt 0:01:32]} 15. Bf3 {[%emt 0:00:25]} c6 {[%emt 0:01:09]} 16. Nxd6 {[%emt 0:00:41]} Bxd6 {[%emt 0:00:55]} 17. Rxd6 {[%emt 0:00:11]} Nb6 {[%emt 0:04:52]} 18. Bxb6 {[%emt 0:05:07]} axb6 {[%emt 0:00:12]} 19. a3 {[%emt 0:00:10]} Rd8 {[%emt 0:00:37]} 20. Rhd1 {[%emt 0:00:20]} Rxd6 {[%emt 0:00:22]} 21. Rxd6 {[%emt 0:00:11]} Bf5 {[%emt 0:01:17]} 22. g4 {[%emt 0:02:56]} Be6 {[%emt 0:00:49]} 23. Bg2 {[%emt 0:03:02]} Kf8 {[%emt 0:00:34]} 24. Rd4 {[%emt 0:02:49]} Re8 {[%emt 0:02:10]} 25. Rb4 {[%emt 0:04:07]} b5 {[%emt 0:00:36]} 26. Bf1 {[%emt 0:00:13]} Bxg4 {[%emt 0:01:32]} 27. Kd2 {[%emt 0:02:05]} Rd8+ {[%emt 0:02:57]} 28. Rd4 {[%emt 0:00:15]} Rxd4+ {[%emt 0:00:08]} 29. cxd4 {[%emt 0:00:08]} Bf5 {[%emt 0:00:12]} 30. Bg2 {[%emt 0:00:24]} Ke7 {[%emt 0:00:38]} 31. c3 {[%emt 0:00:57]} Kd6 {[%emt 0:01:57]} 32. Ke3 {[%emt 0:01:52]} Be6 {[%emt 0:00:24]} 33. Bf1 {[%emt 0:02:53]} Bc4 {[%emt 0:04:41]} 34. Bg2 {[%emt 0:02:59]} Bd5 {[%emt 0:01:24]} 35. Bf1 {[%emt 0:01:20]} g5 {[%emt 0:02:19]} 36. f4 {[%emt 0:01:54]} f6 {[%emt 0:00:27]} 37. Be2 {[%emt 0:10:51]} Be6 {[%emt 0:05:36]} 38. Bf1 {[%emt 0:03:29]} h5 {[%emt 0:00:07]} 39. Bg2 {[%emt 0:01:27]} Bd5 {[%emt 0:01:22]} 40. Bf1 {[%emt 0:00:00]} Ke6 {[%emt 0:00:00]} 41. fxg5 {[%emt 0:04:49]} fxg5 {[%emt 0:01:15]} 42. Be2 {[%emt 0:00:12]} Bg2 {[%emt 0:00:56]} 43. Bxh5 {[%emt 0:02:31]} Bxh3 {[%emt 0:00:08]} 44. Be2 {[%emt 0:00:26]} Kf5 {[%emt 0:01:21]} 45. c4 {[%emt 0:00:46]} bxc4 {[%emt 0:01:44]} 46. Bxc4 {[%emt 0:00:09]} g4 {[%emt 0:00:13]} 47. d5 {[%emt 0:00:48]} Ke5 {[%emt 0:04:02]} 48. dxc6 {[%emt 0:00:55]} bxc6 {[%emt 0:00:15]} 1/2-1/2